Joueurs les plus chers de l'Histoire (transferts cumulés) - Statistiques

Statistiques générales
  • Ce quiz a été pris 75 fois
  • Le résultat moyen est 9 sur 22
Statistiques - réponses
Montant Transferts Réponse % Correct
400 M 4 Neymar
97%
247 M 4 Ronaldo
96%
180 M 3 Mbappé
93%
233 M 3 Dembélé
70%
206 M 4 Griezmann
69%
369.92 M 10 Lukaku
60%
180.3 M 11 Coutinho
57%
169.1 M 10 Ibrahimovic
55%
155.8 M 2 Hazard
40%
157.15 M 2 Bellingham
39%
223.1 M 6 Joao Felix
36%
217.2 M 9 Morata
31%
159 M 6 Higuain
28%
179 M 7 Di Maria
25%
158.5 M 5 Ekitiké
19%
197.5 M 3 De Ligt
12%
148.63 M 10 James Rodriguez
10%
184 M 4 Nunez
9%
175 M 2 Havertz
7%
165.25 M 2 Enzo Fernandez
6%
192.2 M 6 Cunha
1%
147.5 M 4 Malcolm
0%
Aucun quiz correspondant
Distribution des résultats
% des personnes avec chaque résultat
Percentile par nombre de réponses
Votre historique - résultats
Vous n’avez pas pris ce quiz